00473nam a2200145Ia 4500008004100000041001200041082001100053100001700064245006900081260000600150650000600156942000700162999001700169952014100186221030s9999 xx 000 0 und d aEnglish a105.23 aJ. Honeycutt 0aIntroducing Microsoft Windows 2000 Professionalcby J. Honeycutt c0 aB cBK c13314d13314 pB 4700l0o105.23 r2022-10-30 00:00:00w2022-10-30yBK003Print4070aMIETLIBbMIETLIBcBL-, FL-, CUP-0, SH-0, R-0d2012-06-2110HBE